00696nam a2200229Ia 4500003000400000005001700004008004100021020001800062040001800080041000800098082001800106100002100124245007800145250001200223260004300235300002900278650003400307650004500341650003400386700002300420700002300443OSt20220317095413.0210716s2009 xx 000 0 und d a9789352865604 cAIMIT LIBRARY aeng a658 26bSTOJ aStoner, James A. aManagement /cBy James A F Stoner, R Edward Freeman and Daniel R Gilbert. a6th ed. aNew Delhi :bPearson Education ,c2019 axxx,543,I-19p. ;c25 cm. aGlobalization and Management. aInventing and Reinventing Organizations. aCulture and Multiculturalism. aFreeman, R Edward. aGilbert, Daniel R.